00651nam a2200169 a 4500003000200000005001700002008004100019050003000060100003800090245013000128260009000258300002300348504004100371650003200412650001700444650002000461020250516083123.0030519s19uu xx 00 eng d aPHS SB 301.B73b.D45 2003 aDela Cruz, Jester Reynaldo III A. aThe Effect of hydro juice on the growth of pechay (Brassica chinensis) using hydroponics /cJester Reynaldo A. Dela Cruz III. aLas Piñas City, Philippines :bSouthville International School and Colleges,c2003. a17 pages ;c28 cm. aIncludes bibliographical references. aBrassica chinensisxGrowth. aHydroponics. aPechayxGrowth.